| 000 | 00479nam a2200205Ia 4500 | ||
|---|---|---|---|
| 003 | OSt | ||
| 005 | 20230425145326.0 | ||
| 008 | 210423s2000 xx 000 0 und d | ||
| 040 | _cAL | ||
| 041 | _aeng | ||
| 082 | _a574.5 KORE | ||
| 100 |
_aKORMONDY (Edward J). _992732 |
||
| 245 | _aConcepts of ecology. | ||
| 260 |
_aNew Delhi _bPHI Learning Pvt Ltd _c2000 |
||
| 300 | _axvi,559 | ||
| 365 | _cINR | ||
| 650 |
_aEcology _992733 |
||
| 906 | _aecology | ||
| 942 |
_2ddc _cBK |
||
| 999 |
_c162674 _d162674 |
||